Podnikové vzdelávanie zamestnancov
Vývoj a postavenie človeka v spoločnosti - minulosť, súčasnosť. Korene manažmentu, vývojové koncepcie manažmentu. Pôvod vzniku manažérskych funkcií. Oblasti podnikového vzdelávania, oblasti rozvoja. Participatívny štýl vzdelávania - vzdelávanie 21. storočia (e-learning a koučing). Systematický štýl...
Uložené v:
| Hlavný autor: | |
|---|---|
| Médium: | Kapitola |
| Jazyk: | Slovak |
| Predmet: | |
| Tagy: |
Žiadne tagy, Buďte prvý, kto otaguje tento záznam!
|
MARC
| LEADER | 00000naa$a2200000$$$4500 | ||
|---|---|---|---|
| 001 | 0054565 | ||
| 005 | 20231120105711.8 | ||
| 041 | 0 | |a slo | |
| 044 | |a SK | ||
| 245 | 1 | 0 | |a Podnikové vzdelávanie zamestnancov |c Oľga Poniščiaková |
| 520 | |a Vývoj a postavenie človeka v spoločnosti - minulosť, súčasnosť. Korene manažmentu, vývojové koncepcie manažmentu. Pôvod vzniku manažérskych funkcií. Oblasti podnikového vzdelávania, oblasti rozvoja. Participatívny štýl vzdelávania - vzdelávanie 21. storočia (e-learning a koučing). Systematický štýl vzdelávania. Modulový štýl vzdelávania. Analýza potrieb vzdelávania. | ||
| 610 | 2 | 0 | |a podnik |
| 610 | 2 | 0 | |a zamestnanci |
| 610 | 2 | 0 | |a vzdelávanie |
| 610 | 2 | 0 | |a vzdelávanie permanentné |
| 610 | 2 | 0 | |a manažment |
| 610 | 2 | 0 | |a vzdelávanie elektronické |
| 610 | 2 | 0 | |a koučovanie |
| 100 | 1 | |a Poniščiaková, Oľga | |